000
00227nam a22000857a 4500
008
230211b ||||| |||| 00| 0 eng d
100
_a
Koerber, Roger
245
_a
New 1978 Philatelic Literature List
650
_a
Philatelic Literature
999
_c
3498
_d
3498